Guess the Man City Player off of the Previous Club They Played For - Statistics

General Stats
  • This quiz has been taken 12 times
  • The average score is 14 of 21
Answer Stats
Club Player % Correct
PSG Gianluigi Donnarumma
100%
AS Monaco Bernardo Silva
90%
Rennes Jeremy Doku
90%
Lyon Rayan Cherki
90%
Bournemouth Antoine Semenyo
80%
Benfica Ruben Dias
80%
Borussia Dortmund Erling Haaland
70%
Everton John Stones
70%
Crystal Palace Marc Guehi
70%
Bournemouth Nathan Ake
70%
Frankfurt Omar Marmoush
70%
Burnley James Trafford
60%
RB Leipzig Josko Gvardiol
60%
Wolves Rayan Ait-Nouri
60%
Atletico Madrid Rodri
60%
Lens Abdukodir Khusanov
50%
Porto Nico Gonzalez
50%
Troyes Savinho
50%
AC Milan Tijjani Reijnders
50%
Chelsea Mateo Kovacic
40%
Wolves Matheus Nunes
30%
No matching quizzes found
Score Distribution
Percent of People with Each Score
Percentile by Number Answered
Your Score History
You have not taken this quiz